000 00612nam a2200181 a 4500
005 20160311020001.0
008 140130b2008 ck ||||| |||| 00| 0 spa d
040 _cCO-BoIH
041 _aspa
044 _ack
090 _aIAVH
_b01191
110 _bFundación Ambiente Colombia
_96003
245 _aImplementación de herramientas de manejo de paisaje como estrategia para la conservación de la biodiversidad en la Cuenca media del Río Nima Fase II y III
_bInforme final
260 _aPalmira
_bCVC
_bIAVH
_c2008
300 _a52 p.
662 _aColombia
_cRío Nima
_bValle del Cauca
942 _cINFORME
_2z
_01
999 _c6295
_d6295